| 000 -LEADER |
| fixed length control field |
00647cam a2200193 4500 |
| 020 ## - INTERNATIONAL STANDARD BOOK NUMBER |
| ISBN |
070022243X |
| 040 ## - CATALOGING SOURCE |
| Transcribing agency |
the United State of America |
| 082 0# - DEWEY DECIMAL CLASSIFICATION NUMBER |
| Classification number |
526 INT 1969 A030 Or. |
| 100 1# - MAIN ENTRY--AUTHOR NAME |
| Personal name |
Brinker, Russell C. |
| 245 10 - TITLE STATEMENT |
| Title |
Elementary surveying |
| 250 ## - EDITION STATEMENT |
| Edition statement |
5th ed. |
| 260 ## - PUBLICATION, DISTRIBUTION, ETC. (IMPRINT) |
| Place of publication |
Scranton, |
| Name of publisher |
International Textbook Co. |
| Year of publication |
[1969] |
| 300 ## - PHYSICAL DESCRIPTION |
| Number of Pages |
xviii, 620 p. |
| Other physical details |
illus. |
| Dimensions |
24 cm. |
| 490 0# - SERIES STATEMENT |
| Series statement |
International textbooks in civil engineering |
| 500 ## - GENERAL NOTE |
| General note |
First-2d ed., published 1939-49, by W. C. Taylor; 3d-4th ed., published 1955-61, by R. C. Brinker and W. C. Taylor. |
| 650 #0 - SUBJECT ADDED ENTRY--TOPICAL TERM |
| Topical Term |
Surveying |
| 700 1# - ADDED ENTRY--PERSONAL NAME |
| Personal name |
Taylor, Warren Crosby, |
| 942 ## - ADDED ENTRY ELEMENTS (KOHA) |
| Koha item type |
សៀវភៅភាសាអង់គ្លេស |
| 952 ## - LOCATION AND ITEM INFORMATION (KOHA) |
| Withdrawn status [LOCAL, KOHA] |
0 |